El libro del exilio / (Record no. 12215)

MARC details
000 -LEADER
campo de control de longitud fija 00659nam a22002415i 4500
001 - NÚMERO DE CONTROL
campo de control 12215
003 - IDENTIFICADOR DE NÚMERO DE CONTROL
campo de control ES-MaACL
005 - FECHA Y HORA DE LA ÚLTIMA TRANSACCIÓN
campo de control 20230906150250.0
007 - CAMPO FIJO DE DESCRIPCIÓN FÍSICA--INFORMACIÓN GENERAL
campo de control de longitud fija t|
008 - DATOS DE LONGITUD FIJA--INFORMACIÓN GENERAL
campo de control de longitud fija 950505s1994 sp ||||0| spa j
020 ## - NÚMERO INTERNACIONAL ESTÁNDAR DEL LIBRO
Número Internacional Estándar del Libro 84-87169-65-1
040 ## - FUENTE DE CATALOGACIÓN
Centro catalogador/agencia de origen M-BN
Lengua de catalogación spa
Centro/agencia transcriptor M-BN
080 ## - NÚMERO DE LA CLASIFICACIÓN DECIMAL UNIVERSAL
Número de la Clasificación Decimal Universal 860-14"19"
100 1# - ENTRADA PRINCIPAL--NOMBRE DE PERSONA
Nombre de persona Ferreras, Juan Ignacio.
9 (RLIN) 50525
245 13 - MENCIÓN DEL TÍTULO
Título El libro del exilio /
Mención de responsabilidad, etc. Juan Ignacio Ferreras.
260 ## - PUBLICACIÓN, DISTRIBUCIÓN, ETC.
Lugar de publicación, distribución, etc. Móstoles, Madrid :
Nombre del editor, distribuidor, etc. Nossa y J,
Fecha de publicación, distribución, etc. D.L. 1994.
300 ## - DESCRIPCIÓN FÍSICA
Extensión 74 p ;
Dimensiones 20 cm.
490 1# - MENCIÓN DE SERIE
Mención de serie Creadores
500 ## - NOTA GENERAL
Nota general "Madre Tierra"--Cub.
830 0# - PUNTO DE ACCESO ADICIONAL DE SERIE-TÍTULO UNIFORME
Título uniforme Creadores
9 (RLIN) 228267
852 ## - LOCALIZACIÓN
Ubicación ES-MaACL
Número de control de estantería L-19523
Sublocalización o colección R.123834
Holdings
Estatus retirado Estado de pérdida Estado de daño No para préstamo Biblioteca de origen Biblioteca actual Ubicación en estantería Fecha de adquisición Fuente de adquisición Total de préstamos Signatura topográfica completa Código de barras Visto por última vez Precio de reemplazo Tipo de ítem Koha
        Biblioteca del Ateneo de Madrid Biblioteca del Ateneo de Madrid Depósito 2 17/01/2008     L-19523 1012447 23/02/2023 23/02/2023 Libro impreso